Phụ nữ và pháp luật Những điều cần biết về thủ tục và điều kiện kết hôn

Guardat en:
Dades bibliogràfiques
Autor principal: NGUYỄN NGỌC ĐIỆP
Format: Llibre
Idioma:Undetermined
Publicat: Tp. HCM Phụ Nữ 2001
Matèries:
Etiquetes: Afegir etiqueta
Sense etiquetes, Sigues el primer a etiquetar aquest registre!
Thư viện lưu trữ: Trung tâm Học liệu Trường Đại học Cần Thơ
LEADER 00626nam a2200181Ia 4500
001 CTU_46932
008 210402s9999 xx 000 0 und d
082 |a 346.5970134 
082 |b Ph500nh 
100 |a NGUYỄN NGỌC ĐIỆP 
245 0 |a Phụ nữ và pháp luật 
245 0 |b Những điều cần biết về thủ tục và điều kiện kết hôn 
245 0 |c NGUYỄN NGỌC ĐIỆP 
260 |a Tp. HCM 
260 |b Phụ Nữ 
260 |c 2001 
650 |a women - legal status, laws, etc. ( vietnamese law ) 
980 |a Trung tâm Học liệu Trường Đại học Cần Thơ